| 000 | 00955nam a2200205Ia 4500 | ||
|---|---|---|---|
| 008 | 0000002004 ck af 0000000000spa00 | ||
| 090 | _aPSP00 O17 | ||
| 245 | 1 | 0 |
_aObras maestras de la colección BBVA _b: pintura española de los siglos XV al XX _c/ textos y catalogación Javier Varón ... [ et al. ] ; fotografía Joaquín Cortés, Columna Villaroya. |
| 300 |
_a141 p. _c/ 29 cm. |
||
| 500 | _aExposición realizada en el Museo Nacional de Colombia, Bogotá, 24 de Septiembre 7 de Noviembre de 2004 \ Con el patronazgo del maestro venezolano Jesús Rafael Soto (q.e.p.d.) | ||
| 650 | 1 | 4 | _a PINTURA ESPAÑOLA |
| 650 | 1 | 4 | _xCATALOGOS |
| 650 | 1 | 4 | _aPINTORES ESPAÑOLES |
| 650 | 1 | 4 | _aPINTURA MODERNA |
| 650 | 1 | 4 | _aPINTURA RELIGIOSA ESPAÑOLA |
| 650 | 1 | 4 | _aPOSTIMPRESIONISMO (ARTE) |
| 650 | 1 | 4 | _aSIGLOS XVXX |
| 700 | 1 | _aVarón Javier \ Cortés Joaquín \ Villaroya, Columna | |
| 999 |
_c33 _d33 |
||
| 260 |
_aBogotá : Museo Nacional de Colombia _c2004 |
||